000 00397nam a2200157Ia 4500
003 OSt
005 20230529162016.0
008 211028s2015 xx 000 0 und d
040 _cAIMIT LIBRARY
041 _aeng
100 _aD'Souza, Sweeta; Manimozhi, R.
_98608
_e131927
110 _aManimozhi R
_98609
245 _aCriminal search engine.
260 _aMangalore
_c2015
942 _2ddc
_cPRO
999 _c219973
_d219973